Ḥagigat ḳayits : (Record no. 31273)

MARC details
000 -LEADER
fixed length control field 00637cam a22002291a 4500
001 - CONTROL NUMBER
control field he 65001157
003 - CONTROL NUMBER IDENTIFIER
control field DLC
005 - DATE AND TIME OF LATEST TRANSACTION
control field 20260227111432.0
008 - FIXED-LENGTH DATA ELEMENTS--GENERAL INFORMATION
fixed length control field 871014s1965 is 000 0 hebr
010 ## - LIBRARY OF CONGRESS CONTROL NUMBER
LC control number he 65001157
035 ## - SYSTEM CONTROL NUMBER
System control number (OCoLC)16850009
040 ## - CATALOGING SOURCE
Original cataloging agency DLC
Transcribing agency NNL
Modifying agency NNL
-- InU
-- DLC
042 ## - AUTHENTICATION CODE
Authentication code premarc
050 00 - LIBRARY OF CONGRESS CALL NUMBER
Classification number PJ5054.A5
Item number H3
100 1# - MAIN ENTRY--PERSONAL NAME
Personal name Alterman, Nathan,
Dates associated with a name 1910-1970.
245 10 - TITLE STATEMENT
Title Ḥagigat ḳayits :
Remainder of title sidrat shirim /
Statement of responsibility, etc. Natan Alterman.
260 ## - PUBLICATION, DISTRIBUTION, ETC.
Place of publication, distribution, etc. Tel-Avīv :
Name of publisher, distributor, etc. Maḥberot le-sifrut,
Date of publication, distribution, etc. 725 ( 1964 or 5).
300 ## - PHYSICAL DESCRIPTION
Extent 183 p. ;
Dimensions 22 cm.
500 ## - GENERAL NOTE
General note Poems.
500 ## - GENERAL NOTE
General note Romanized record.
500 ## - GENERAL NOTE
General note Vocalized.

No items available.

Powered by Koha